000 00559nam a22001817a 4500
999 _c190358
_d190358
005 20220722130815.0
010 _aENG-133873
020 _a9788170547150
_c597.00
035 _aEN-117405
037 _bDBAD/PUB
082 _a327.73
100 _aDatta, Alok
245 _aUnited States and Contemporary World/
_cAlok Datta
260 _aNew Delhi
_bClassical Publishing Company
_c2016
270 _a26, Shopping Centre, Karrampura
_bNew Delhi
_e110015
300 _a422 p.
_c22cm(pbk)
_bRefernces & Notes
942 _2ddc
_cEN
_h327.73
_mDAT